La nueva desigualdad social /
El propósito de este trabajo es analizar la pérdida del papel central del trabajo en un mundo de economía globalizada, donde las protecciones sociales y gestionadas por un sistema estatal de bienestar, se han debilitado como consecuencia de la introducción de la mercantilización en los servicios soc...
Gorde:
| Egile nagusia: | |
|---|---|
| Formatua: | Texto |
| Gaiak: | |
| Etiketak: |
Etiketa erantsi
Etiketarik gabe, Izan zaitez lehena erregistro honi etiketa jartzen!
|
MARC
| LEADER | 00000 a a2200000 04500 | ||
|---|---|---|---|
| 001 | 42485 | ||
| 003 | |||
| 040 | |||
| 100 | |a Vite Pérez, Miguel Angel | ||
| 245 | |a La nueva desigualdad social / |c Miguel Angel Vite Pérez | ||
| 520 | |a El propósito de este trabajo es analizar la pérdida del papel central del trabajo en un mundo de economía globalizada, donde las protecciones sociales y gestionadas por un sistema estatal de bienestar, se han debilitado como consecuencia de la introducción de la mercantilización en los servicios sociales a partir de la consolidación de la política económica neoliberal en diferentes países del orbe. Este hecho ha provocado una expansión de la desigualdad social, caracterizada por el empleo precario y los bajos ingresos, lo cual ha detenido la universalización de la política social, promoviendo programas de asistencia social para determinados grupos. | ||
| 650 | |a DESIGUALDAD SOCIAL | ||
| 650 | |a POBREZA | ||
| 650 | |a EMPLEO | ||
| 650 | |a EMPLEO PRECARIO | ||
| 650 | |a ESTADO | ||
| 773 | |g volumen2, número3 ( , 2006), páginas 139-166 | ||
| 999 | |c 38720 |d 38720 | ||
